| 000 | 00829nas a2200277 4500 | ||
|---|---|---|---|
| 001 | BR0808756 | ||
| 003 | BR-BrBNA | ||
| 005 | 20231205112601.0 | ||
| 007 | ta | ||
| 008 | 230509b bl.|||p| |||| 00| 00por d | ||
| 040 |
_aBR-BrBNA _bpor _cBiblioteca Nacional de Agricultura |
||
| 041 | _a(En) | ||
| 072 | _aK10 | ||
| 100 | 1 | _aLima, R.B.S. | |
| 100 | 1 | _aGonçalves, J.F. de C. | |
| 100 | 1 | _aPando, S.C. | |
| 100 | 1 | _aFernandes, A.V. | |
| 100 | 1 | _aSantos, A.L.W. dos | |
| 245 | 1 | _aPrimary metabolite mobilization during germination in rosewood (Aniba rosaeodora Ducke)seeds | |
| 650 | _aPAU ROSA | ||
| 650 | _aSEMENTE | ||
| 650 | _aGERMINAÇÃO | ||
| 773 | 0 |
_tRevista Arvore (Brazil) _xISSN 0100-6762 _g(Jan-Feb 2008), v. 32(1) p. 19-25 _wBR0808756 |
|
| 909 |
_a202311 _bLúcia _c55 _dLúcia Elande |
||
| 942 |
_2AGRIS _n0 _cANA |
||
| 999 |
_c198803 _d198803 |
||